000
00241nam a22001097a 4500
999
_c
262598
_d
262597
020
_a
9781572747296
100
_a
Janet
245
_a
The Coral Reef
260
_a
New York
_b
Richard C. Owen Publishers
_c
2006
300
_a
16 pgs
942
_c
BK